[Event "22nd Oberwarter Open"]
[Site "Oberwart (Austria)"]
[Date "2000.07.12"]
[Round "5.6"]
[White "RASHKOVSKY, Nukhim"]
[Black "BALINOV, Ilia"]
[Result "1-0"]
[WhiteElo "2508"]
[BlackElo "2453"]
[PlyCount "117"]
[EventDate "2000.07.12"]

1. d4 f5 2. g3 Nf6 3. Bg2 g6 4. c3 Bg7 5. Bg5 Nc6 6. Nd2 O-O 7. h4 d5 8. Bxf6
Bxf6 9. f4 e6 10. Ngf3 a5 11. e3 b6 12. Bf1 Qe7 13. Bb5 Nd8 14. Ne5 Bxe5 15.
fxe5 c6 16. Bd3 Ba6 17. Bxa6 Rxa6 18. g4 c5 19. Qe2 Ra8 20. O-O-O b5 21. gxf5
gxf5 22. Qxb5 c4 23. Nf3 a4 24. a3 Nf7 25. Rhg1+ Kh8 26. Ng5 Nxg5 27. Rxg5 Rg8
28. Rdg1 Rgf8 29. Qc6 Rfc8 30. Qb5 Rcb8 31. Qc5 Qxc5 32. dxc5 Ra7 33. h5 Rc7
34. h6 Rxc5 35. Rg7 Rc6 36. Ra7 Rg8 37. Rxg8+ Kxg8 38. Rg7+ Kh8 39. Ra7 Kg8 40.
Kc2 Rb6 41. Re7 Ra6 42. Rb7 Ra8 43. Rg7+ Kh8 44. Re7 Rg8 45. Rxe6 Rg2+ 46. Kd1
Kg8 47. Rf6 Rxb2 48. e6 Rb8 49. Rxf5 Re8 50. Re5 Kf8 51. Ke2 Rb8 52. Rxd5 Rb3
53. Rd7 Rxa3 54. Rxh7 Ra2+ 55. Kf3 Rh2 56. Rf7+ Ke8 57. h7 a3 58. Ra7 a2 59.
Rxa2 1-0

[Event "22nd Oberwarter Open"]
[Site "Oberwart (Austria)"]
[Date "2000.07.12"]
[Round "5.7"]
[White "RUCK, Robert"]
[Black "WITTMANN, Walter"]
[Result "1-0"]
[WhiteElo "2489"]
[BlackElo "2380"]
[Annotator "IM R. RUCK"]
[PlyCount "113"]
[EventDate "2000.07.12"]

1. Nf3 Nf6 2. c4 g6 3. g3 Bg7 4. Bg2 O-O 5. d4 d6 6. O-O c6 7. Nc3 a6 8. e4 Bg4
9. h3 Bxf3 10. Bxf3 Nfd7 11. Be2 $6 ({Spielbar ist auch} 11. Be3 c5 12. Ne2 Nc6
13. Bg2 Rc8 14. dxc5 dxc5 15. f4 e5 16. f5 Nd4 17. Nc3 b5 18. g4 Nb6 19. cxb5
axb5 20. g5 {1/2-1/2, Stanec-Wittmann, AUT-ch 1993}) 11... b5 ({
Bequemen Ausgleich ergab} 11... Qb6 12. Be3 (12. d5) 12... Qxb2 13. Na4 Qa3 14.
Bc1 Qb4 15. Bd2) 12. Be3 b4 ({Den Vorzug verdiente} 12... Nb6 13. cxb5 axb5 14.
Qb3) 13. Na4 Nb6 ({Vorteilhaft fuer Weiss war} 13... e5 14. dxe5 dxe5 15. c5) (
{doch verdiente} 13... Qc7 14. f4 {
mit etwas besserem Spiel fuer Weiss, den Vorzug.}) 14. c5 ({
Etwas nachhaltiger war} 14. f4) 14... Nxa4 ({Nach} 14... dxc5 15. Nxc5 {
hat Schwarz Schwierigkeiten mit dem rueckstaendigen Bc6.}) 15. Qxa4 dxc5 ({
Dies ist besser als} 15... a5 16. cxd6 Qxd6 17. e5 {
und Weiss hat deutliches Uebergewicht.}) 16. dxc5 a5 ({Nach} 16... Bxb2 17.
Rad1 Qc8 18. Qxb4 {waere das weisse Spiel aufgrund seines starken
Bauernzentrums und des Laeuferpaars klar vorzuziehen.}) 17. Rad1 $1 Qc7 (17...
Qc8 {beantwortet Weiss mit} 18. Bg4 {und nun waere} 18... f5 $2 {wegen} 19.
exf5 gxf5 20. Bf3 {fuer Weiss vorteilhaft, so scheitert z.B.} 20... Bxb2 $2 {an
} 21. Qb3+) 18. Rd2 Rd8 19. Rfd1 ({Etwas nachhaltiger war} 19. Bf4 Qc8 ({
Nicht besser ist} 19... e5 20. Rxd8+ Qxd8 21. Rd1 Qc7 22. Be3) 20. Rxd8+ Qxd8
21. Rd1 Qc8 22. Bg4) 19... Rxd2 20. Rxd2 Nd7 21. Kg2 Bf8 $1 {
Mit der Idee, den Bc5 nach ... e6 aufs Korn zu nehmen.} 22. Qd1 Ra7 ({Auf} 
22... Nf6 {folgt} 23. Bf3) 23. Qc2 a4 $2 ({Danach neigen die schwarzen
Damenfluegelbauern zur Schwaeche. Wesentlich bessere Verteidigungschancen bot} 
23... e6 24. Bf4 Ne5) 24. Rd4 $1 b3 ({Gegenueber} 24... Qa5 25. Qd2 Nxc5 26.
Rc4 ({In Frage kam auch sofort} 26. Qxb4) 26... Rd7 ({Auf} 26... e5 {ist} 27.
Qc1 {recht unangenehm}) 27. Qxb4 Qxb4 28. Rxb4 {
und Weiss hat klaren Vorteil, das geringere Uebel.}) 25. axb3 axb3 26. Qxb3
Nxc5 27. Qc2 Ne6 28. Rc4 Rb7 ({Nach} 28... Ra6 29. Rc3 {
faellt der c-Bauer kompensationslos.}) 29. Rxc6 Qe5 30. Qc3 ({
Weniger nachhaltig ist} 30. b3 Nd4 31. Bxd4 Qxd4) ({
Klaren Vorteil versprach jedoch auch} 30. Bc4 Rxb2 {Keineswegs besser ist} (
30... Nd4 31. Bxf7+ Kxf7 32. Qc4+ Ne6 33. b3 {oder}) (30... Qxb2 31. Qxb2 Rxb2
32. Rc8 g5 $8 (32... Rc2 $4 {verbietet sich selbstredend wegen} 33. Bxe6) ({
ebenso} 32... Kg7 {wegen} 33. Bxe6 fxe6 34. Bd4+) ({aber auch} 32... Ng7 {
ist wegen} 33. Bc5 Rb7 34. Bd5 Rd7 35. Bc6 Rd1 36. Bxe7 Ne6 37. Bd5 Kg7 38.
Bxf8+ Nxf8 39. Rc7 {und Weiss gewinnt muehelos, voellig ungenuegend.}) 33. Bxe6
fxe6 34. Bxg5 Kf7) 31. Qd3) 30... Qxe4+ (30... Qxc3 31. bxc3) 31. Bf3 Qb4 {
Was sonst?} 32. Rxe6 fxe6 33. Qe5 $1 Kf7 $1 {
Diese starke Parade gleicht das Spiel nahezu aus!} ({Auf} 33... Rb8 {
oder 33. ... Tb6 waere} 34. Bd4 $1 Kf7 35. Qh8 {
aeusserst unangenehm fuer Schwarz gewesen.}) 34. Bxb7 ({Etwas besser war} 34.
Bd4 Rd7 35. Bc3) 34... Qxb7+ 35. Kh2 Bg7 36. Qf4+ Kg8 ({
Bessere Verteidigungschancen bot} 36... Bf6) 37. b4 {
Das weisse Spiel ist nun wieder deutlich vorzuziehen.} 37... Bf6 38. Qc4 h5 $2
({Besser, wenn auch ebenfalls vorteilhaft fuer Weiss war} 38... Qd5 39. Qc5)
39. h4 (39. Qxe6+ Kg7 40. Bc5 (40. Qb6 Qe4 41. h4 Be5) 40... h4 $16) 39... Qf3
40. Qxe6+ Kg7 41. b5 $18 g5 42. hxg5 Bxg5 43. Bxg5 (43. Qc6 Qg4 44. f3 Qf5 45.
Qc5 e5 46. Bxg5 Qxg5 47. f4 $18) 43... Qxf2+ 44. Kh3 Qf1+ 45. Kh2 Qf2+ 46. Kh3
Qf1+ 47. Kh4 Qh1+ 48. Qh3 Qe4+ (48... Qd1 49. Bxe7) (48... Qd5 49. Qf1) 49. Bf4
(49. Kxh5 $142 Qh7+ 50. Kg4 Qe4+ 51. Bf4 Qg6+ (51... Qe6+ 52. Kh4 Qf6+ 53. Bg5)
52. Kf3 Qd3+ 53. Kf2 $18) 49... Kf6 (49... Kg6 50. b6) 50. Qf1 e5 51. Kh3 $1
Kg6 52. Bd2 Qg4+ 53. Kg2 h4 54. Qd3+ e4 (54... Kg7 55. Qe3) 55. Qd6+ Kh7 56.
Qh6+ Kg8 57. Qg5+ 1-0

[Event "22nd Oberwarter Open"]
[Site "Oberwart (Austria)"]
[Date "2000.07.12"]
[Round "5.8"]
[White "DVOIRYS, Semen"]
[Black "KOVACS, Gabor"]
[Result "1/2-1/2"]
[WhiteElo "2562"]
[BlackElo "2348"]
[PlyCount "78"]
[EventDate "2000.07.12"]

1. e4 c5 2. Nf3 e6 3. d4 cxd4 4. Nxd4 Nc6 5. Nc3 Qc7 6. Be3 a6 7. f4 d6 8. Qf3
Nf6 9. O-O-O Be7 10. Rg1 O-O 11. g4 Nxd4 12. Rxd4 b5 13. g5 Nd7 14. f5 Ne5 15.
Qh5 g6 16. Qh6 Re8 17. Rg3 Bf8 18. Qh4 Bb7 19. Rh3 h6 20. fxg6 fxg6 21. gxh6
Kh7 22. Rd2 b4 23. Nd1 Be7 24. Qg3 Bxe4 25. Bg2 Qc6 26. Bd4 Rac8 27. Ne3 Bxg2
28. Rxg2 Qe4 29. Bxe5 dxe5 30. Qg4 Qxg4 31. Nxg4 Bg5+ 32. Kd1 Red8+ 33. Ke1 Rd4
34. c3 bxc3 35. Rxc3 Rxc3 36. bxc3 Rd3 37. Nxe5 Re3+ 38. Re2 Rxc3 39. Nf7 Bxh6
{.} 1/2-1/2

[Event "22nd Oberwarter Open"]
[Site "Oberwart (Austria)"]
[Date "2000.07.12"]
[Round "5.9"]
[White "LOGINOV, Valery"]
[Black "WALDMANN, Ivan"]
[Result "1-0"]
[WhiteElo "2514"]
[BlackElo "2278"]
[PlyCount "91"]
[EventDate "2000.07.12"]

1. Nf3 Nf6 2. c4 g6 3. d4 Bg7 4. g3 O-O 5. Bg2 d6 6. O-O Nc6 7. Nc3 e5 8. dxe5
dxe5 9. Bg5 Be6 10. Qa4 Qc8 11. Rad1 Re8 12. Nd5 Nd7 13. Be3 Nb6 14. Bxb6 axb6
15. Qc2 Bg4 16. Rd2 Nd4 17. Qd1 Nxf3+ 18. Bxf3 Be6 19. e4 h6 20. h4 Kh7 21. h5
Bxd5 22. cxd5 Bf8 23. Kg2 Qd8 24. Rc2 Ra5 25. Qd2 Rc5 26. Rxc5 bxc5 27. Rh1 Qf6
28. Qa5 b6 29. Qa4 Rd8 30. b3 Bd6 31. Qc4 Ra8 32. a4 Bf8 33. Bg4 Qd6 34. Qe2
Bg7 35. Rc1 Bf8 36. Rc3 Bg7 37. Rf3 Bf6 38. Be6 Qe7 39. Bg4 Kg7 40. Rc3 Qd6 41.
Rc2 Ra5 42. hxg6 fxg6 43. Be6 Ra8 44. Qb5 Ra5 45. Qe8 Qd8 46. Qf7+ 1-0

[Event "22nd Oberwarter Open"]
[Site "Oberwart (Austria)"]
[Date "2000.07.12"]
[Round "5.10"]
[White "GAGARIN, Vasilij"]
[Black "DANNER, Georg"]
[Result "1/2-1/2"]
[WhiteElo "2395"]
[BlackElo "2437"]
[PlyCount "81"]
[EventDate "2000.07.12"]

1. d4 Nf6 2. Nf3 e6 3. c4 c5 4. d5 exd5 5. cxd5 d6 6. Nc3 g6 7. g3 Bg7 8. Bg2
O-O 9. O-O a6 10. a4 Nbd7 11. Bf4 Qe7 12. h3 Rb8 13. Rb1 Nh5 14. Bg5 Bf6 15.
Qd2 Ne5 16. Bxf6 Nxf3+ 17. Bxf3 Nxf6 18. Bg2 Bd7 19. e4 b5 20. axb5 axb5 21. b4
Rfc8 22. f4 cxb4 23. Rxb4 Rc5 24. Re1 Rbc8 25. Re3 Qd8 26. e5 Qa5 27. Ne2 Nxd5
28. Bxd5 Rxd5 29. Qxd5 Qxb4 30. Kf2 Bxh3 31. exd6 Qc5 32. Nc3 Qa7 33. Qxb5 Rb8
34. Qd3 Rb2+ 35. Ne2 Bg4 36. Kf1 Qa1+ 37. Kf2 Qa7 38. Kf1 Qa1+ 39. Kf2 Qa7 40.
Kf1 Qa1+ 41. Kf2 {.} 1/2-1/2

[Event "22nd Oberwarter Open"]
[Site "Oberwart (Austria)"]
[Date "2000.07.12"]
[Round "5.11"]
[White "VUKOVIC, Ivo"]
[Black "SZIEBERT, Adam"]
[Result "1-0"]
[WhiteElo "2272"]
[BlackElo "2421"]
[PlyCount "79"]
[EventDate "2000.07.12"]

1. d4 Nf6 2. Nf3 e6 3. g3 c5 4. c3 b6 5. Bg2 Bb7 6. O-O d6 7. Nbd2 Be7 8. Re1
Nbd7 9. e4 cxd4 10. cxd4 O-O 11. b3 Rc8 12. Bb2 Qc7 13. Rc1 Qb8 14. Rxc8 Rxc8
15. Bf1 Qa8 16. Bd3 d5 17. e5 Ne4 18. a3 a5 19. Qb1 f5 20. Rc1 g5 21. Nf1 Ba6
22. Rxc8+ Qxc8 23. h3 a4 24. bxa4 Bxd3 25. Qxd3 Qc6 26. Qd1 Qc4 27. N1d2 Qa6
28. Qc1 h6 29. Qc6 Qe2 30. Qxe6+ Kf8 31. Qxf5+ Ke8 32. Nxe4 dxe4 33. Nh2 Qxb2
34. Qxe4 Qxa3 35. Nf3 Qxa4 36. Kg2 Qc4 37. Qg6+ Qf7 38. Qc6 Kd8 39. e6 Qe8 40.
Qa8+ 1-0

[Event "22nd Oberwarter Open"]
[Site "Oberwart (Austria)"]
[Date "2000.07.12"]
[Round "5.12"]
[White "RIAZANTSEV, Alexander"]
[Black "WEGERER, Fred"]
[Result "0-1"]
[WhiteElo "2418"]
[BlackElo "2175"]
[PlyCount "98"]
[EventDate "2000.07.12"]

1. d4 Nf6 2. c4 e6 3. Nf3 d5 4. cxd5 exd5 5. Nc3 Nbd7 6. Bg5 Bb4 7. g3 c6 8.
Bg2 Qa5 9. Bd2 O-O 10. a3 Bxc3 11. Bxc3 Qa6 12. O-O Re8 13. e3 Ne4 14. Bb4 Qb6
15. Qc2 a5 16. Bc3 Nf8 17. Rfc1 Bf5 18. Nh4 Bd7 19. Be1 g5 20. Nf3 Bf5 21. Qe2
Ne6 22. b4 a4 23. b5 cxb5 24. Qa2 Rad8 25. Bb4 Kg7 26. Bf1 f6 27. Ne1 g4 28.
Qe2 N6g5 29. Ra2 Rc8 30. Rac2 Rc4 31. Qd1 Qe6 32. Bg2 Nh3+ 33. Bxh3 gxh3 34.
Rxc4 bxc4 35. Qf3 Ng5 36. Qf4 Qe4 37. Qxe4 Bxe4 38. f4 Nf7 39. Bd2 Nh6 40. Nc2
Bxc2 41. Rxc2 Ng4 42. Rc3 Re6 43. Rc1 Rb6 44. Bb4 Nxe3 45. Re1 Nc2 46. Re7+ Kg6
47. Bc5 Rb1+ 48. Kf2 b6 49. Bd6 h5 0-1

[Event "22nd Oberwarter Open"]
[Site "Oberwart (Austria)"]
[Date "2000.07.12"]
[Round "5.13"]
[White "NEULINGER, Manfred"]
[Black "KRSTIC, Uros"]
[Result "1/2-1/2"]
[WhiteElo "2286"]
[BlackElo "2375"]
[PlyCount "82"]
[EventDate "2000.07.12"]

1. e4 e5 2. Nf3 Nc6 3. Bb5 Nge7 4. c3 a6 5. Ba4 d6 6. d3 Ng6 7. h4 Be7 8. g3
Bg4 9. Nbd2 h5 10. Nf1 d5 11. Ne3 dxe4 12. dxe4 Qxd1+ 13. Bxd1 Be6 14. Nf5 Bf8
15. Bc2 Nge7 16. Ng5 Bd7 17. Bb3 Nd8 18. Nxe7 Bxe7 19. Be3 f6 20. Nh3 Ne6 21.
f3 Bc5 22. Bxe6 Bxe3 23. Bxd7+ Kxd7 24. Ke2 Ba7 25. Nf2 Bxf2 26. Kxf2 Ke6 27.
Ke3 Rad8 28. Rad1 Rd6 29. Rxd6+ cxd6 30. c4 Rc8 31. Kd3 g6 32. b3 f5 33. Rg1
Rg8 34. g4 hxg4 35. fxg4 f4 36. Rh1 Kf6 37. Ke2 Rh8 38. Kf3 a5 39. a4 Rh7 40.
Rh2 Kg7 41. Rh1 Rh8 {.} 1/2-1/2

[Event "22nd Oberwarter Open"]
[Site "Oberwart (Austria)"]
[Date "2000.07.12"]
[Round "5.14"]
[White "LENDWAI, Reinhard"]
[Black "WADSACK, Wolfgang"]
[Result "1/2-1/2"]
[WhiteElo "2361"]
[BlackElo "2133"]
[PlyCount "77"]
[EventDate "2000.07.12"]

1. c4 Nf6 2. Nf3 c6 3. d4 d5 4. e3 Bf5 5. Nc3 e6 6. Bd3 Bxd3 7. Qxd3 Nbd7 8.
O-O Be7 9. e4 dxe4 10. Nxe4 O-O 11. Rd1 Re8 12. Bf4 Rc8 13. a3 Nf8 14. b4 Nxe4
15. Qxe4 a5 16. c5 Ng6 17. Bg3 b5 18. a4 bxa4 19. Rxa4 axb4 20. Rb1 Qd5 21.
Qxd5 cxd5 22. Rbxb4 e5 23. dxe5 Rxc5 24. Rb1 h5 25. h4 Rec8 26. Rd4 Rc1+ 27.
Rxc1 Rxc1+ 28. Kh2 Rc4 29. Rxd5 Nxh4 30. Bxh4 Bxh4 31. g3 Be7 32. e6 fxe6 33.
Rxh5 Rc2 34. Kg2 Bc5 35. Ne5 Rxf2+ 36. Kh3 Rf5 37. Rxf5 exf5 38. g4 fxg4+ 39.
Kxg4 {.} 1/2-1/2

[Event "22nd Oberwarter Open"]
[Site "Oberwart (Austria)"]
[Date "2000.07.12"]
[Round "5.15"]
[White "LEITNER, Kurt"]
[Black "DOBROV, Vladimir"]
[Result "0-1"]
[WhiteElo "2162"]
[BlackElo "2339"]
[PlyCount "50"]
[EventDate "2000.07.12"]

1. e4 c5 2. c3 d5 3. exd5 Qxd5 4. d4 Nf6 5. Nf3 e6 6. Be3 cxd4 7. cxd4 Nc6 8.
Nc3 Qd6 9. a3 Be7 10. Bd3 O-O 11. O-O b6 12. Rc1 Bb7 13. Ng5 Rfd8 14. Nce4 Nxe4
15. Nxe4 Qd7 16. Qh5 g6 17. Qh6 Rf8 18. Rc3 Nxd4 19. Ng3 Qd5 20. f3 Nf5 21.
Nxf5 exf5 22. Bc4 Qe5 23. Bf4 Qf6 24. Re3 Bc5 25. Be5 Qxe5 0-1

[Event "22nd Oberwarter Open"]
[Site "Oberwart (Austria)"]
[Date "2000.07.12"]
[Round "5.16"]
[White "SANDHOEFNER, Florian"]
[Black "OKHOTNYK, Vladimir"]
[Result "1/2-1/2"]
[WhiteElo "2189"]
[BlackElo "2510"]
[Annotator "FRITZ 6"]
[PlyCount "253"]
[EventDate "2000.07.12"]

1. e4 d6 2. d4 Nf6 3. Nc3 e5 4. f4 exd4 5. Qxd4 a6 6. Bd3 Nc6 7. Qf2 d5 8. e5
Ng4 9. Qg3 Bc5 10. Nd1 h5 11. h3 h4 12. Qf3 Nd4 13. Qf1 Nh6 14. c3 Nhf5 15.
cxd4 Bb4+ 16. Bd2 Bxd2+ 17. Kxd2 Ng3 18. Qe1 Nxh1 19. Ne2 Ng3 20. Nxg3 hxg3 21.
Qxg3 g6 22. Rc1 c6 23. Rc5 Qh4 24. Qe3 Bf5 25. Bxf5 gxf5 26. Qf3 Rg8 27. Ne3
Qg3 28. Ke2 Qg6 29. Kf1 Kf8 30. Rc3 Rg7 31. Rb3 f6 32. Rb6 Rd8 33. Kg1 Kg8 34.
Kh2 Rf8 35. Rb3 fxe5 36. fxe5 Qg5 37. Rd3 Rg6 38. Rd1 Qh4 39. Kh1 Rg3 40. Nxf5
Qxh3+ 41. gxh3 Rxf3 42. Rg1+ Kh7 43. Nd6 Rxh3+ 44. Kg2 Rd3 45. Re1 Rxd4 46. e6
Rg4+ 47. Kh3 Rg7 48. e7 Rf3+ 49. Kh4 Rf2 50. Kh3 Rf6 51. Nf5 Rg8 52. e8=Q Rxe8
53. Rxe8 Rxf5 54. Re7+ Kg6 55. Rxb7 Rg5 56. Rb6 Kf5 57. Rxc6 Ke4 58. Re6+ Kf3
59. Rf6+ Ke2 60. Re6+ Kd3 61. Kh4 Rg1 62. Rxa6 d4 63. Rd6 Ke3 64. Re6+ Kd2 65.
b4 Rb1 66. a4 d3 67. b5 Kc3 68. Rc6+ Kd4 69. Rd6+ Ke3 70. b6 d2 71. a5 Rb5 72.
Re6+ Kf2 73. Rf6+ Ke2 74. Re6+ Kf3 75. Rd6 Ke3 76. Re6+ Kf4 77. Rd6 Rb4 78. Kh3
Ke3 79. Re6+ Kf3 80. Rf6+ Ke4 81. Rd6 Ke3 82. Re6+ Kd3 83. Rd6+ Kc2 84. Rc6+
Kb1 85. Rd6 Rb3+ 86. Kg2 Kc1 87. Rc6+ Kb1 88. Rd6 Rb2 89. Kg3 Kc2 90. Rc6+ Kd3
91. Rd6+ Kc3 92. Rc6+ Kb4 93. Rd6 Kc3 94. Rc6+ Kd3 95. Rd6+ Ke2 96. Re6+ Kf1
97. Rf6+ Ke1 98. Re6+ Kd1 99. a6 Kc1 100. Rc6+ Kb1 101. Rd6 Rb3+ 102. Kf2 Kc1
103. b7 d1=Q 104. Rxd1+ Kxd1 105. a7 Rxb7 106. a8=Q Rf7+ 107. Ke3 Re7+ 108. Kd3
Rd7+ 109. Kc3 Rc7+ 110. Kb3 Rc1 111. Qd5+ Ke2 112. Qe4+ Kd2 113. Kb2 Re1 114.
Qd4+ Ke2 115. Kc2 Kf1 116. Qf4+ Ke2 117. Qd2+ Kf1 118. Kd3 Rb1 119. Qf4+ Kg1
120. Qg5+ Kf2 121. Qf6+ Kg1 122. Ke2 Rb5 123. Qg7+ Kh2 124. Qc7+ Kg1 125. Qc1+
Kh2 126. Qf4+ Kg2 127. Qg4+ (127. Qe4+ Kh2 128. Qh7+ Kg2 129. Qg6+ Kh2 130.
Qd6+ Kg1 131. Qg3+ Kh1 132. Qd3 Ra5 133. Kf2 Ra2+ 134. Kf3 Rb2 135. Qh7+ {
und Matt in 4.}) 1/2-1/2

[Event "22nd Oberwarter Open"]
[Site "Oberwart (Austria)"]
[Date "2000.07.12"]
[Round "5.17"]
[White "SCHWANINGER, Wolfgang"]
[Black "ROGULJ, Branko"]
[Result "1-0"]
[WhiteElo "2108"]
[BlackElo "2460"]
[PlyCount "55"]
[EventDate "2000.07.12"]

1. Nf3 Nf6 2. g3 g6 3. b3 Bg7 4. Bb2 c5 5. c4 d6 6. d4 cxd4 7. Nxd4 d5 8. Bg2
dxc4 9. bxc4 O-O 10. O-O Na6 11. Nd2 Nd7 12. Rb1 Ndc5 13. Ne4 Nxe4 14. Bxe4 Qc7
15. Nb5 Qxc4 16. Bd5 Qg4 17. Bf3 Qg5 18. h4 Qf5 19. Bxg7 Kxg7 20. Nxa7 Nc5 21.
Qd4+ Kg8 22. Nxc8 Rfxc8 23. Bg4 Ne6 24. Bxf5 Nxd4 25. Bxc8 Nxe2+ 26. Kg2 Rxc8
27. Rxb7 e5 28. a4 1-0

[Event "22nd Oberwarter Open"]
[Site "Oberwart (Austria)"]
[Date "2000.07.12"]
[Round "5.18"]
[White "KUMMER, Helmut"]
[Black "HASELHORST, Helmut"]
[Result "1-0"]
[WhiteElo "2390"]
[BlackElo "2191"]
[PlyCount "89"]
[EventDate "2000.07.12"]

1. d4 Nf6 2. c4 g6 3. Nc3 Bg7 4. g3 O-O 5. Bg2 d6 6. Nf3 Nc6 7. O-O a6 8. d5
Na5 9. b3 c5 10. dxc6 Nxc6 11. Be3 Bd7 12. Rc1 b5 13. Nd4 Nxd4 14. Bxd4 Rc8 15.
cxb5 axb5 16. Qd3 e5 17. Be3 b4 18. Nd5 Nxd5 19. Qxd5 Qe7 20. Qa5 Rb8 21. Rc7
Qd8 22. Rfc1 Be6 23. Ba7 Rc8 24. Bb6 Qg5 25. e3 Rxc7 26. Bxc7 d5 27. Bxd5 Bxd5
28. Qxd5 Rc8 29. Rc4 Qf5 30. Kg2 e4 31. Qxf5 gxf5 32. Bd6 Rxc4 33. bxc4 Bf8 34.
Be5 Be7 35. Kf1 Kf8 36. Ke2 Ke8 37. Kd2 Kd7 38. Kc2 Kc6 39. Kb3 h5 40. Bb2 h4
41. Bc1 f4 42. exf4 f5 43. gxh4 Bxh4 44. Be3 Be7 45. Ka4 1-0

[Event "22nd Oberwarter Open"]
[Site "Oberwart (Austria)"]
[Date "2000.07.12"]
[Round "5.19"]
[White "FUCHS, Stefan"]
[Black "ZIMMERMAN, Yuri"]
[Result "0-1"]
[WhiteElo "2123"]
[BlackElo "2379"]
[PlyCount "82"]
[EventDate "2000.07.12"]

1. e4 d6 2. d4 Nf6 3. Nc3 g6 4. f3 c6 5. Be3 Bg7 6. e5 dxe5 7. dxe5 Nd5 8. Nxd5
cxd5 9. f4 Nc6 10. Nf3 O-O 11. Be2 f6 12. exf6 Bxf6 13. c3 Na5 14. O-O Bf5 15.
Nd4 Nc4 16. Nxf5 gxf5 17. Rf3 Nxe3 18. Rxe3 Qb6 19. Qxd5+ Kh8 20. Qd2 Rad8 21.
Qc1 Bg5 22. g3 e5 23. Kf1 exf4 24. Rf3 Rg8 25. c4 fxg3 26. c5 Bxc1 27. cxb6
Bxb2 28. Rb1 g2+ 29. Kg1 Bd4+ 30. Rf2 axb6 31. Bf3 Bxf2+ 32. Kxf2 g1=Q+ 33.
Rxg1 Rxg1 34. Kxg1 Rd2 35. Bxb7 Rxa2 36. Bc6 Rb2 37. h3 b5 38. Kf1 b4 39. Ke1
Rh2 40. Bd7 b3 41. Bxf5 b2 0-1

[Event "22nd Oberwarter Open"]
[Site "Oberwart (Austria)"]
[Date "2000.07.12"]
[Round "5.20"]
[White "MEDVEGY, Nora"]
[Black "FUCHS, Georg"]
[Result "1-0"]
[WhiteElo "2350"]
[BlackElo "2185"]
[PlyCount "45"]
[EventDate "2000.07.12"]

1. e4 e5 2. Nf3 Nf6 3. d4 Nxe4 4. Bd3 d5 5. Nxe5 Bd6 6. O-O O-O 7. c4 c6 8. Nc3
Nxc3 9. bxc3 dxc4 10. Nxc4 Bc7 11. Qh5 g6 12. Qh6 b5 13. Nd2 f5 14. Nf3 Nd7 15.
Ba3 Re8 16. Rfe1 c5 17. Bxb5 Rxe1+ 18. Rxe1 Qf8 19. Qxf8+ Nxf8 20. Bc4+ Kh8 21.
Bxc5 Bb7 22. Ng5 Rc8 23. Bxf8 1-0

[Event "22nd Oberwarter Open"]
[Site "Oberwart (Austria)"]
[Date "2000.07.12"]
[Round "5.21"]
[White "LAKOS, Nikoletta"]
[Black "WUKITS, Rene"]
[Result "1-0"]
[WhiteElo "2327"]
[BlackElo "2347"]
[PlyCount "61"]
[EventDate "2000.07.12"]

1. e4 b6 2. d4 Bb7 3. Nc3 e6 4. Bd3 Nf6 5. Nge2 c5 6. O-O Be7 7. e5 Ng4 8. Ng3
f5 9. h3 cxd4 10. hxg4 dxc3 11. gxf5 Qc7 12. Qh5+ Kd8 13. fxe6 dxe6 14. Rd1 Nd7
15. Bg5 Bd5 16. Be4 cxb2 17. Rab1 Rf8 18. Bxd5 exd5 19. Bxe7+ Kxe7 20. Qg5+ Kf7
21. Nf5 Qxe5 22. Re1 h6 23. Qh5+ g6 24. Qxh6 Qh8 25. Re7+ Kf6 26. Rh7 Ne5 27.
Rxh8 Rxh8 28. Qd2 gxf5 29. Qd4 f4 30. Qxf4+ Ke6 31. Re1 1-0

[Event "22nd Oberwarter Open"]
[Site "Oberwart (Austria)"]
[Date "2000.07.12"]
[Round "5.22"]
[White "LANTZSCH, Christian"]
[Black "BRANDNER, Stefan"]
[Result "0-1"]
[WhiteElo "2064"]
[BlackElo "2344"]
[PlyCount "110"]
[EventDate "2000.07.12"]

1. Nf3 g6 2. c4 Bg7 3. g3 d6 4. Bg2 e5 5. Nc3 f5 6. d3 Nf6 7. O-O O-O 8. Qc2
Nc6 9. a3 h6 10. b4 g5 11. b5 Ne7 12. Nd2 Qe8 13. Rb1 Qh5 14. Nd5 Nexd5 15.
cxd5 Qf7 16. Bb2 f4 17. Rbc1 Ne8 18. Ne4 g4 19. gxf4 exf4 20. Bxg7 Qxg7 21. f3
g3 22. hxg3 fxg3 23. Qc3 Qg6 24. Qe1 Nf6 25. Qxg3 Qxg3 26. Nxg3 Nxd5 27. Kf2 a6
28. b6 cxb6 29. Ne4 Bd7 30. Rh1 Kh7 31. Nxd6 Bc6 32. Ne4 Nf4 33. Bh3 Rad8 34.
Ke3 Rd5 35. Rb1 Ra5 36. Bg4 Rxa3 37. Ng5+ Kg6 38. Ne4 Ra2 39. Nc3 Rc2 40. Rb3
h5 41. Bh3 a5 42. Bf1 a4 43. Rb4 Rxc3 44. Rxf4 Rxf4 45. Kxf4 Rc1 46. Rg1+ Kf7
47. e4 a3 48. Rg2 b5 49. Rf2 b4 50. Bh3 b3 51. Ke5 a2 52. Be6+ Ke7 53. Rxa2
bxa2 54. Bxa2 h4 55. Kf4 Rg1 0-1

[Event "22nd Oberwarter Open"]
[Site "Oberwart (Austria)"]
[Date "2000.07.12"]
[Round "5.23"]
[White "HANEL, Reinhard"]
[Black "SPOERK, Rainer"]
[Result "1/2-1/2"]
[WhiteElo "2340"]
[BlackElo "2050"]
[PlyCount "32"]
[EventDate "2000.07.12"]

1. c4 e5 2. Nc3 Bb4 3. g3 Nf6 4. Bg2 Nc6 5. Nf3 O-O 6. O-O Bxc3 7. bxc3 d6 8.
d3 Rb8 9. h3 Be6 10. e4 h6 11. Be3 Nd7 12. Nh4 b6 13. Qa4 Ne7 14. d4 f5 15. d5
Nc5 16. Bxc5 Bd7 {.} 1/2-1/2

[Event "22nd Oberwarter Open"]
[Site "Oberwart (Austria)"]
[Date "2000.07.12"]
[Round "5.24"]
[White "LOEBLER, Heimo"]
[Black "ARWANITAKIS, Michael"]
[Result "1/2-1/2"]
[WhiteElo "2264"]
[BlackElo "2156"]
[PlyCount "21"]
[EventDate "2000.07.12"]

1. d4 Nf6 2. Bg5 d5 3. Bxf6 gxf6 4. c4 dxc4 5. e3 c5 6. Bxc4 cxd4 7. exd4 Nc6
8. Ne2 Bg4 9. Qb3 Qa5+ 10. Nbc3 O-O-O 11. O-O-O {.} 1/2-1/2

[Event "22nd Oberwarter Open"]
[Site "Oberwart (Austria)"]
[Date "2000.07.12"]
[Round "5.25"]
[White "RIEKE, Theo"]
[Black "KLJAKO, Damir"]
[Result "1/2-1/2"]
[WhiteElo "2220"]
[BlackElo "2258"]
[PlyCount "100"]
[EventDate "2000.07.12"]

1. Nf3 g6 2. e4 Bg7 3. d4 d6 4. Nc3 c6 5. a4 a5 6. h3 Nf6 7. Be2 O-O 8. O-O Qc7
9. Be3 e5 10. dxe5 dxe5 11. Bc4 Na6 12. Qe2 Nd7 13. Rfd1 Ndc5 14. Rd2 Be6 15.
Rad1 Rad8 16. Rxd8 Rxd8 17. Rxd8+ Qxd8 18. Ng5 Bf8 19. Nxe6 fxe6 20. Qg4 Kf7
21. h4 h5 22. Qf3+ Kg7 23. g3 Nc7 24. g4 hxg4 25. Qxg4 Be7 26. h5 g5 27. Qg3
Nd7 28. f4 exf4 29. Bxf4 Nf8 30. Bd3 Ne8 31. e5 Kh6 32. Be3 Ng7 33. Qf2 Qe8 34.
Ne4 Nf5 35. Be2 Qb8 36. Bc5 Bxc5 37. Qxc5 Nd7 38. Qxa5 Nxe5 39. Qd2 Nf7 40. Qd7
Nd8 41. Qe8 Kg7 42. Qg6+ Kf8 43. Qxg5 Nf7 44. Qf6 Qf4 45. Bd3 Qg4+ 46. Kf2 Qxh5
47. Qxe6 Qh4+ 48. Kf1 Qh1+ 49. Kf2 Qh4+ 50. Kf1 Qh1+ {.} 1/2-1/2

[Event "22nd Oberwarter Open"]
[Site "Oberwart (Austria)"]
[Date "2000.07.12"]
[Round "5.26"]
[White "HOFBAUER, Peter"]
[Black "NIELSEN, Max"]
[Result "1-0"]
[WhiteElo "2052"]
[BlackElo "2250"]
[PlyCount "73"]
[EventDate "2000.07.12"]

1. e4 c5 2. c3 Nf6 3. e5 Nd5 4. d4 cxd4 5. cxd4 Nc6 6. Nf3 d6 7. Nc3 dxe5 8.
dxe5 Nxc3 9. bxc3 Qa5 10. Qb3 Be6 11. Qa3 Qxa3 12. Bxa3 Bd5 13. Be2 O-O-O 14.
Bc5 e6 15. Be3 h6 16. O-O Kb8 17. Rfd1 Be7 18. Bf4 Na5 19. h3 Rc8 20. Rxd5 exd5
21. e6+ Ka8 22. exf7 Nc6 23. Nd4 Nxd4 24. cxd4 g6 25. Bg4 Rcd8 26. Re1 Bb4 27.
Rb1 Bd6 28. Be5 Rhf8 29. Be6 Kb8 30. g4 Kc7 31. Rc1+ Kb8 32. f4 b5 33. h4 b4
34. f5 gxf5 35. g5 hxg5 36. hxg5 a5 37. g6 1-0